| 000 | 00933nam a22003017i 4500 | ||
|---|---|---|---|
| 003 | EG-GICUC | ||
| 005 | 20260307054148.0 | ||
| 008 | 260307s1961 sz ||||fr|||| 001 0 eng d | ||
| 040 |
_aEG-GiCUC _beng _cEG-GiCUC _dEG-GiCUC _erda |
||
| 041 |
_aeng _heng |
||
| 082 | 0 | 4 |
_221 _a341.6 _bPI . L |
| 092 | 0 | 4 | _221 |
| 099 | _aLaw 11 341.6 PI . L 1961 | ||
| 100 | 1 |
_aPictet, Jean Simon _eAuthor. |
|
| 245 |
_aThe laws of war / _cBy Jean S. Pictet. |
||
| 264 |
_aGeneva; _bInternational Review of the Red Cross, _c1961. |
||
| 300 |
_a11 pages : _billustrations, _c24 cm |
||
| 336 |
_2rda content _atext |
||
| 337 |
_2rda media _aComputer |
||
| 338 |
_2rda carrier _aOnline Resource |
||
| 504 | _aBibliography: pages 200-250. | ||
| 546 | _aText in English | ||
| 650 | 1 |
_aPublic international law _2qrmak |
|
| 651 | 1 | _2qrmak | |
| 856 | 4 | 0 | _uhttps://fll.law.cu.edu.eg/fulltext/bks/B11-08689.pdf |
| 905 | _a31 | ||
| 942 |
_2ddc _cBK _e21 _n0 |
||
| 999 |
_c65517 _d65517 |
||